000 00275nam a2200109Ia 4500
008 220120s9999||||xx |||||||||||||| ||und||
100 _aHonagal, Rajash
245 0 _aProgramming C
260 _aEBPB book promotors
_c2014
300 _b0
650 _aENTREPRENEURIAL MANAGEMENT
999 _c137265
_d137265